<?xml version="1.0" encoding="UTF-8"?>
<collection xmlns="http://www.loc.gov/MARC21/slim">
 <record>
  <leader>00576pamaa2200169   4500</leader>
  <controlfield tag="001">0000034289</controlfield>
  <controlfield tag="005">20060420090000.0</controlfield>
  <datafield tag="020" ind1="0" ind2="0">
   <subfield code="a">0766801551 </subfield>
  </datafield>
  <datafield tag="082" ind1=" " ind2=" ">
   <subfield code="a">604.7 BEV 1998</subfield>
  </datafield>
  <datafield tag="090" ind1="0" ind2="0">
   <subfield code="a">T55.3.H3 </subfield>
   <subfield code="b">BEV 1998</subfield>
  </datafield>
  <datafield tag="100" ind1="1" ind2="0">
   <subfield code="a">BEVELACQUA </subfield>
  </datafield>
  <datafield tag="245" ind1="1" ind2="0">
   <subfield code="a">Hazardous materials : </subfield>
   <subfield code="b">field guide  </subfield>
   <subfield code="c">Armando Bevelacqua, Richard Stilp.</subfield>
  </datafield>
  <datafield tag="260" ind1="0" ind2="0">
   <subfield code="a">New York: </subfield>
   <subfield code="b">Delmar Publishers, </subfield>
   <subfield code="c">1998.</subfield>
  </datafield>
  <datafield tag="300" ind1=" " ind2=" ">
   <subfield code="a">100p.: </subfield>
   <subfield code="b">col.ill.; </subfield>
   <subfield code="c">22cm.</subfield>
  </datafield>
  <datafield tag="650" ind1="0" ind2="0">
   <subfield code="a">Hazardous substances -- </subfield>
   <subfield code="x">Handbooks, manuals etc </subfield>
  </datafield>
  <datafield tag="650" ind1="0" ind2="0">
   <subfield code="a">Hazardous substances -- </subfield>
   <subfield code="x">Safety measures -- </subfield>
   <subfield code="x">Handbooks, manuals etc </subfield>
  </datafield>
  <datafield tag="700" ind1="1" ind2="1">
   <subfield code="a">Stilp, </subfield>
   <subfield code="h">Richard </subfield>
  </datafield>
 </record>
</collection>
